Harry Potter Emoji Trivia - Statistics

General Stats
  • This quiz has been taken 188 times
  • The average score is 11 of 15
Answer Stats
Hint Answer % Correct
❤️⚡️🧙‍♂️ harry
98%
🧑🏻‍🦰🥪🐀 ron
93%
📚🕰 🦦 hermione
88%
🧙‍♂️👑🔍 dumbledore
85%
👩🏻‍🦰🧹📔 ginny
79%
❌👂🏻👬 george
78%
💙👓🦁 luna
73%
🧱👬🗺 fred
72%
🧙🐈‍⬛📚 mcgonagal
72%
💛🏆🦡 cedric
71%
🖤👨🏻🥸 snape
65%
👩🏻💙 🦢 cho
64%
🐁💚😭 draco
59%
👛🐈🙄 umbridge
51%
🏠🧝❤️ dobby
18%
No matching quizzes found
Score Distribution
Percent of People with Each Score
Percentile by Number Answered
Your Score History
You have not taken this quiz